00713cam a22002171a 450000100060000000300080000600500170001400800410003103500190007203500120009104000200010304100110012308200260013410000300016024501100019026000420030030000220034250000670036450400310043165000330046258771BD-RjUL20211209080645.0161219s1968 rur b 000 0 eng  a(BD-RjUL)58895 a2546163 aLCbengcLCdLC1 aengrus0 a330.9223 bVAP 1968 1 aVarga, Eugen,d1879-1964.10aPolitico-economic problems of capitalism /c[by] Y. Varga. Translated from the Russian by Don. Danemanis. aMoscow :bProgress Publishers,c1968. a351 p. ; c20 cm. aTranslation of Ocherki po probleman politekonomii kapitalizma. aBibliographical footnotes. 0aEconomic historyy1945-1971.